000 00363nam a2200145Ia 4500
008 231217s9999 xx 000 0 und d
041 _aEnglish
082 _a001.6424JAV KHA;1
100 _aKhandare, S S
245 0 _aProgramming in Java
260 _c2002
_bNew Delhi : S Chand & Com Ltd,
300 _aix+563
650 _aProgramming,Java
942 _cAA
999 _c169785
_d169785